NLSUI OPAC header image

Ombudsmen and others: citizens' protectors in nine countries (Record no. 38021)

MARC details
000 -LEADER
fixed length control field 00853nam a2200217Ia 4500
003 - CONTROL NUMBER IDENTIFIER
control field OSt
005 - DATE AND TIME OF LATEST TRANSACTION
control field 20210226150420.0
008 - FIXED-LENGTH DATA ELEMENTS--GENERAL INFORMATION
fixed length control field 160316s1967 xxu||||| |||| 00| 0 eng d
020 ## - INTERNATIONAL STANDARD BOOK NUMBER
International Standard Book Number 9780674634008
040 ## - CATALOGING SOURCE
Transcribing agency n
082 ## - DEWEY DECIMAL CLASSIFICATION NUMBER
Classification number 328.345000
Item number WAL
100 ## - MAIN ENTRY--PERSONAL NAME
Personal name Walter Gellhorn
245 ## - TITLE STATEMENT
Title Ombudsmen and others: citizens' protectors in nine countries
260 ## - PUBLICATION, DISTRIBUTION, ETC.
Place of publication, distribution, etc. Cambridge
Name of publisher, distributor, etc. Harvard University Press
Date of publication, distribution, etc. 1967
300 ## - PHYSICAL DESCRIPTION
Extent 448p
365 ## - TRADE PRICE
Price amount Gratis
505 ## - FORMATTED CONTENTS NOTE
Formatted contents note Contents: <br/>Frontmatter;<br/>Preface;<br/>Contents;<br/>Abbreviations;<br/>Introduction;<br/>One. Denmark;<br/>Two. Finland;<br/>Three. New Zealand;<br/>Four. Norway;<br/>Five. Sweden;<br/>Six. Yugoslavia;<br/>Seven. Poland;<br/>Eight. The Soviet Union;<br/>Nine. Japan;<br/>Ten. Common Strands in the Fabric of Controls;<br/>Index
650 ## - SUBJECT ADDED ENTRY--TOPICAL TERM
Topical term or geographic name entry element 1. Ombudspersons 2. Administrative Remedies
700 ## - ADDED ENTRY--PERSONAL NAME
Personal name
--
942 ## - ADDED ENTRY ELEMENTS (KOHA)
Source of classification or shelving scheme Dewey Decimal Classification
Koha item type BOOKs
Holdings
Withdrawn status Lost status Damaged status Not for loan Home library Current library Shelving location Date acquired Total Checkouts Full call number Barcode Date last seen Price effective from Koha item type
        . . Library Compactors 30.05.2017   328.345 WAL 32117 30.05.2017 30.05.2017 BOOKs